The collateral consequences of incarceration revisited: a qualitative analysis of the effects on caregivers of children of incarcerated parents

Gespeichert in:  
Bibliographische Detailangaben
VerfasserInnen: Turanovic, Jillian J. 1985- (Verfasst von) ; Rodriguez, Nancy 1970- (Verfasst von) ; Pratt, Travis C. (Verfasst von)
Medienart: Druck Aufsatz
Sprache:Englisch
Veröffentlicht: 2012
In: Criminology
Jahr: 2012, Band: 50, Heft: 4, Seiten: 913-959
Verfügbarkeit prüfen: HBZ Gateway
Schlagwörter:

MARC

LEADER 00000caa a2200000 c 4500
001 163200609X
003 DE-627
005 20220607131830.0
007 tu
008 130524s2012 xx ||||| 00| ||eng c
035 |a (DE-627)163200609X 
035 |a (DE-576)38263764X 
035 |a (DE-599)BSZ38263764X 
040 |a DE-627  |b ger  |c DE-627  |e rakwb 
041 |a eng 
100 1 |a Turanovic, Jillian J.  |d 1985-  |0 (DE-588)1189439468  |0 (DE-627)1668082187  |4 aut 
109 |a Turanovic, Jillian J. 1985- 
245 1 4 |a The collateral consequences of incarceration revisited  |b a qualitative analysis of the effects on caregivers of children of incarcerated parents  |c Jillian J. Turanovic; Nancy Rodriguez; Travis C. Pratt 
264 1 |c 2012 
336 |a Text  |b txt  |2 rdacontent 
337 |a ohne Hilfsmittel zu benutzen  |b n  |2 rdamedia 
338 |a Band  |b nc  |2 rdacarrier 
700 1 |a Rodriguez, Nancy  |d 1970-  |0 (DE-588)1061360229  |0 (DE-627)805778691  |0 (DE-576)418160139  |4 aut 
700 1 |a Pratt, Travis C.  |0 (DE-588)137111061  |0 (DE-627)58993449X  |0 (DE-576)184978777  |4 aut 
773 0 8 |i In  |t Criminology  |d Hoboken, NJ : Wiley, 1970  |g 50(2012), 4, Seite 913-959  |w (DE-627)129888508  |w (DE-600)301688-2  |w (DE-576)015191346  |x 0011-1384  |7 nnas 
773 1 8 |g volume:50  |g year:2012  |g number:4  |g pages:913-959 
951 |a AR 
ELC |b 1 
LOK |0 000 xxxxxcx a22 zn 4500 
LOK |0 001 3283552932 
LOK |0 003 DE-627 
LOK |0 004 163200609X 
LOK |0 005 20250602155524 
LOK |0 008 130524||||||||||||||||ger||||||| 
LOK |0 040   |a DE-21-110  |c DE-627  |d DE-21-110 
LOK |0 689   |a s  |a Kinder 
LOK |0 689   |a s  |a Angehörige 
LOK |0 689   |a s  |a Strafgefangene 
LOK |0 689   |a s  |a Unterstützungssysteme 
LOK |0 689   |a s  |a Psychosoziale Folgen 
LOK |0 852   |a DE-21-110 
LOK |0 852 1  |m p  |9 00 
LOK |0 938   |k p 
LOK |0 939   |a 24-05-13  |b l01 
ORI |a SA-MARC-krimdoka001.raw